书目信息 |
| 题名: |
建设工程人工材料设备机械数据分类标准及编码规则使用指南
|
|
| 作者: | 栾德成 , 冯义 主编 ;北京市建筑业联合会 编写 | |
| 分册: | ||
| 出版信息: | 北京 中国建筑工业出版社 2019 |
|
| 页数: | 383页 | |
| 开本: | 26cm | |
| 丛书名: | ||
| 单 册: | ||
| 中图分类: | TU-65 | |
| 科图分类: | ||
| 主题词: | 建筑工程--数据处理--标准 , 建筑工程--编码标准 | |
| 电子资源: | ||
| ISBN: | 978-7-112-23439-4 | |
| 000 | 01421nam0 2200289 450 | |
| 001 | 2370615355 | |
| 005 | 20231124193704.84 | |
| 010 | @a978-7-112-23439-4@dCNY55.00 | |
| 100 | @a20190610d2019 em y0chiy50 ea | |
| 101 | 0 | @achi |
| 102 | @aCN@b110000 | |
| 105 | @ay z 000yy | |
| 106 | @ar | |
| 200 | 1 | @a建设工程人工材料设备机械数据分类标准及编码规则使用指南@Ajian she gong cheng ren gong cai liao she bei ji xie shu ju fen lei biao zhun ji bian ma gui ze shi yong zhi nan@dGuidelines for construction project data classification and coding rules of labour, materials,equipments and machines@f北京市建筑业联合会编写@zeng |
| 210 | @a北京@c中国建筑工业出版社@d2019 | |
| 215 | @a383页@d26cm | |
| 314 | @a主编:栾德成、冯义 | |
| 330 | @a本标准是在住房城乡建设部《2016-2020年建筑业信息化发展纲要》(建质函[2016]183号)和《关于印发深化工程建设标准化工作改革意见的通知》(建标[2016]166号)文件精神指导下,经过广泛调查研究,总结实践经验并充分征求意见的基础上编制而成。 | |
| 510 | 1 | @aGuidelines for construction project data classification and coding rules of labour, materials,equipments and machines@zeng |
| 606 | 0 | @a建筑工程@x数据处理@x标准 |
| 606 | 0 | @a建筑工程@x编码标准 |
| 690 | @aTU-65@v5 | |
| 701 | 0 | @a栾德成@Aluan de cheng@4主编 |
| 701 | 0 | @a冯义@Afeng yi@4主编 |
| 712 | 02 | @a北京市建筑业联合会@Abei jing shi jian zhu ye lian he hui@4编写 |
| 801 | 0 | @aCN@b91MARC@c20190610 |
| 905 | @aBZT@dTU-65@e3 | |
| 建设工程人工材料设备机械数据分类标准及编码规则使用指南=Guidelines for construction project data classification and coding rules of labour, materials,equipments and machines/北京市建筑业联合会编写.-北京:中国建筑工业出版社,2019 |
| 383页;26cm |
| ISBN 978-7-112-23439-4:CNY55.00 |
| 本标准是在住房城乡建设部《2016-2020年建筑业信息化发展纲要》(建质函[2016]183号)和《关于印发深化工程建设标准化工作改革意见的通知》(建标[2016]166号)文件精神指导下,经过广泛调查研究,总结实践经验并充分征求意见的基础上编制而成。 |
| ● |
| 相关链接 |
|
|
|
正题名:建设工程人工材料设备机械数据分类标准及编码规则使用指南
索取号:TU-65/3
 
预约/预借
| 序号 | 登录号 | 条形码 | 馆藏地/架位号 | 状态 | 备注 |
| 1 | 2001051437 | 2001051437 | 中教第一批/山东中教(第一批)/545/ [索取号:TU-65/3] | 在馆 | |
| 2 | 2001051438 | 2001051438 | 中教第一批/山东中教(第一批)/545/ [索取号:TU-65/3] | 在馆 | |
| 3 | 2001051439 | 2001051439 | 中教第一批/山东中教(第一批)/545/ [索取号:TU-65/3] | 在馆 | |
| 4 | 2001051440 | 2001051440 | 中教第一批/山东中教(第一批)/545/ [索取号:TU-65/3] | 在馆 | |
| 5 | 2001051441 | 2001051441 | 中教第一批/山东中教(第一批)/545/ [索取号:TU-65/3] | 在馆 | |
| 6 | 2001051442 | 2001051442 | 中教第一批/山东中教(第一批)/545/ [索取号:TU-65/3] | 在馆 |